<?xml version="1.0" encoding="UTF-8"?>
<record
    xmlns:xsi="http://www.w3.org/2001/XMLSchema-instance"
    xsi:schemaLocation="http://www.loc.gov/MARC21/slim http://www.loc.gov/standards/marcxml/schema/MARC21slim.xsd"
    xmlns="http://www.loc.gov/MARC21/slim">

  <leader>02326nam a2200433 i 4500</leader>
  <controlfield tag="001">000006094</controlfield>
  <controlfield tag="003">OSt</controlfield>
  <controlfield tag="005">20230607123307.0</controlfield>
  <controlfield tag="007">ta</controlfield>
  <controlfield tag="008">090826s1991    dr a          000 0 spa d</controlfield>
  <datafield tag="040" ind1=" " ind2=" ">
    <subfield code="a">DO-SdBNP</subfield>
    <subfield code="b">spa</subfield>
    <subfield code="c">BNPHU</subfield>
    <subfield code="e">rda</subfield>
  </datafield>
  <datafield tag="041" ind1=" " ind2=" ">
    <subfield code="h">spa</subfield>
  </datafield>
  <datafield tag="082" ind1=" " ind2="4">
    <subfield code="a">362.8292</subfield>
    <subfield code="b">R771i</subfield>
    <subfield code="2">22</subfield>
  </datafield>
  <datafield tag="100" ind1="1" ind2=" ">
    <subfield code="a">Rondon, Melania</subfield>
    <subfield code="9">17153</subfield>
  </datafield>
  <datafield tag="245" ind1="1" ind2="0">
    <subfield code="a">Incriminaci&#xF3;n a la violencia contra la mujer /</subfield>
    <subfield code="c">Tony Pichardo, editor</subfield>
  </datafield>
  <datafield tag="264" ind1=" " ind2=" ">
    <subfield code="a">Santo Domingo, :</subfield>
    <subfield code="b">Ediciones CENSEL,</subfield>
    <subfield code="c">1991.</subfield>
  </datafield>
  <datafield tag="300" ind1=" " ind2=" ">
    <subfield code="a">171 p&#xE1;ginas :</subfield>
    <subfield code="b">ilustraciones, gr&#xE1;ficos, retratos ;</subfield>
    <subfield code="c">21 cm.</subfield>
  </datafield>
  <datafield tag="336" ind1=" " ind2=" ">
    <subfield code="2">rdacontent </subfield>
    <subfield code="a">texto</subfield>
    <subfield code="b">txt</subfield>
  </datafield>
  <datafield tag="337" ind1=" " ind2=" ">
    <subfield code="2">rdamedia</subfield>
    <subfield code="a">sin mediaci&#xF3;n</subfield>
    <subfield code="b">n</subfield>
  </datafield>
  <datafield tag="338" ind1=" " ind2=" ">
    <subfield code="2">rdacarrier</subfield>
    <subfield code="a">volumen</subfield>
    <subfield code="b">nc</subfield>
  </datafield>
  <datafield tag="500" ind1=" " ind2=" ">
    <subfield code="a">Incluye referencias bibliogr&#xE1;ficas y notas al pie de las p&#xE1;ginas</subfield>
  </datafield>
  <datafield tag="504" ind1=" " ind2=" ">
    <subfield code="a">Bibliograf&#xED;a, 167-169
Introducci&#xF3;n --
A manera de ep&#xED;logo --</subfield>
  </datafield>
  <datafield tag="505" ind1="2" ind2=" ">
    <subfield code="a">Presentaci&#xF3;n.</subfield>
    <subfield code="t">Introducci&#xF3;n --</subfield>
    <subfield code="t">Metodolog&#xED;a --</subfield>
    <subfield code="g">Cap&#xED;tulo I : </subfield>
    <subfield code="t">Consideraciones generales sobre el poder y la violencia --</subfield>
    <subfield code="g">Cap&#xED;tulo II : </subfield>
    <subfield code="t"> Agresiones f&#xED;sicas a mujeres seg&#xFA;n registro judicial. Santo Domingo, 1986 --</subfield>
    <subfield code="g">Cap&#xED;tulo III : </subfield>
    <subfield code="t">Variables legales en el estudio de la violencia contra la mujer seg&#xFA;n documentaci&#xF3;n disponible en el Palacio de Justicia. Santo Domingo, 1986-1987.</subfield>
    <subfield code="g">Cap&#xED;tulo IV : </subfield>
    <subfield code="t">El perfil del violador --</subfield>
    <subfield code="t">A manera de ep&#xED;logo.</subfield>
  </datafield>
  <datafield tag="505" ind1="2" ind2=" ">
    <subfield code="a">Metodolog&#xED;a.</subfield>
  </datafield>
  <datafield tag="505" ind1="2" ind2=" ">
    <subfield code="a">Cap&#xED;tulo I :</subfield>
    <subfield code="t">Consideraciones generales sobre el poder y la violencia.</subfield>
  </datafield>
  <datafield tag="505" ind1="0" ind2=" ">
    <subfield code="a">Cap&#xED;tulo II :</subfield>
    <subfield code="t">Agresiones f&#xED;sicas a mujeres seg&#xFA;n registro judicial. Santo Domingo, 1986-1987.</subfield>
  </datafield>
  <datafield tag="505" ind1="0" ind2=" ">
    <subfield code="a">Cap&#xED;tulo III :</subfield>
    <subfield code="t">Variables legales en el estudio de la violencia contra la mujer seg&#xFA;n documentaci&#xF3;n disponible 
en el Palacio de Justicia. Santo Domingo, 1986-1987.</subfield>
  </datafield>
  <datafield tag="505" ind1="0" ind2=" ">
    <subfield code="a">Cap&#xED;tulo IV :</subfield>
    <subfield code="t">El perfil del violador</subfield>
  </datafield>
  <datafield tag="590" ind1=" " ind2=" ">
    <subfield code="a">Inventariado, 2023/MFF</subfield>
  </datafield>
  <datafield tag="650" ind1=" " ind2="4">
    <subfield code="a">Violencia contra la mujer</subfield>
    <subfield code="z">Rep&#xFA;blica Dominicana</subfield>
    <subfield code="9">17154</subfield>
  </datafield>
  <datafield tag="650" ind1=" " ind2="4">
    <subfield code="a">Violencia conyugal</subfield>
    <subfield code="z">Rep&#xFA;blica Dominicana</subfield>
    <subfield code="9">2756</subfield>
  </datafield>
  <datafield tag="650" ind1=" " ind2="4">
    <subfield code="a">Delitos contra la mujer</subfield>
    <subfield code="9">17155</subfield>
  </datafield>
  <datafield tag="650" ind1=" " ind2="4">
    <subfield code="a">Abuso de la esposa</subfield>
    <subfield code="9">17156</subfield>
  </datafield>
  <datafield tag="650" ind1=" " ind2="4">
    <subfield code="a">Delitos sexuales</subfield>
    <subfield code="z">Rep&#xFA;blica Dominicana</subfield>
    <subfield code="9">17157</subfield>
  </datafield>
  <datafield tag="700" ind1=" " ind2=" ">
    <subfield code="a">Pichardo , Tony ,</subfield>
    <subfield code="e">editor.</subfield>
    <subfield code="9">77761</subfield>
  </datafield>
  <datafield tag="710" ind1=" " ind2=" ">
    <subfield code="a">Centro de Servicios Legales para la Mujer (Rep&#xFA;blica Dominicana)</subfield>
    <subfield code="9">77762</subfield>
  </datafield>
  <datafield tag="910" ind1=" " ind2=" ">
    <subfield code="a">Validado. Control de calidad MFF</subfield>
  </datafield>
  <datafield tag="942" ind1=" " ind2=" ">
    <subfield code="2">ddc</subfield>
    <subfield code="c">LBS1</subfield>
  </datafield>
  <datafield tag="952" ind1=" " ind2=" ">
    <subfield code="0">0</subfield>
    <subfield code="1">0</subfield>
    <subfield code="2">ddc</subfield>
    <subfield code="5">6</subfield>
    <subfield code="7">0</subfield>
    <subfield code="8">DS</subfield>
    <subfield code="a">BNPHU</subfield>
    <subfield code="b">BNPHU</subfield>
    <subfield code="c">HD</subfield>
    <subfield code="d">2015-08-05</subfield>
    <subfield code="e">Perteneci&#xF3; a la biblioteca personal de Chiqui Vicioso / Fidelio Despradel.</subfield>
    <subfield code="o">BNPHU DS 362.8292 R771i</subfield>
    <subfield code="p">6094-30</subfield>
    <subfield code="r">2020-06-25</subfield>
    <subfield code="t">e. 3</subfield>
    <subfield code="w">2020-06-25</subfield>
    <subfield code="y">LBS1</subfield>
  </datafield>
  <datafield tag="952" ind1=" " ind2=" ">
    <subfield code="0">0</subfield>
    <subfield code="1">0</subfield>
    <subfield code="2">ddc</subfield>
    <subfield code="5">1</subfield>
    <subfield code="7">0</subfield>
    <subfield code="8">PD</subfield>
    <subfield code="a">BNPHU</subfield>
    <subfield code="b">BNPHU</subfield>
    <subfield code="c">HD</subfield>
    <subfield code="d">2009-08-26</subfield>
    <subfield code="o">BNPHU PD 362.8292 R771i</subfield>
    <subfield code="p">6094-10</subfield>
    <subfield code="r">2020-06-25</subfield>
    <subfield code="w">2020-06-25</subfield>
    <subfield code="y">LBS1</subfield>
  </datafield>
  <datafield tag="952" ind1=" " ind2=" ">
    <subfield code="0">0</subfield>
    <subfield code="1">0</subfield>
    <subfield code="2">ddc</subfield>
    <subfield code="5">1</subfield>
    <subfield code="7">0</subfield>
    <subfield code="8">PD</subfield>
    <subfield code="a">BNPHU</subfield>
    <subfield code="b">BNPHU</subfield>
    <subfield code="c">HD</subfield>
    <subfield code="d">2013-07-12</subfield>
    <subfield code="e">Donado por FUNDI</subfield>
    <subfield code="o">BNPHU PD 362.8292 R771i</subfield>
    <subfield code="p">6094-20</subfield>
    <subfield code="r">2020-06-25</subfield>
    <subfield code="t">e. 2</subfield>
    <subfield code="w">2020-06-25</subfield>
    <subfield code="y">LBS1</subfield>
  </datafield>
  <datafield tag="952" ind1=" " ind2=" ">
    <subfield code="0">0</subfield>
    <subfield code="1">0</subfield>
    <subfield code="2">ddc</subfield>
    <subfield code="5">6</subfield>
    <subfield code="7">0</subfield>
    <subfield code="8">DS</subfield>
    <subfield code="a">BNPHU</subfield>
    <subfield code="b">BNPHU</subfield>
    <subfield code="c">HD</subfield>
    <subfield code="d">2019-04-04</subfield>
    <subfield code="e">Donado por Martiza P&#xE9;rez G. 04/04/2019</subfield>
    <subfield code="o">BNPHU DS 362.8292 R771i</subfield>
    <subfield code="p">2021-0166</subfield>
    <subfield code="r">2021-02-15</subfield>
    <subfield code="t">e.4</subfield>
    <subfield code="w">2021-02-15</subfield>
    <subfield code="y">LBS1</subfield>
  </datafield>
  <datafield tag="999" ind1=" " ind2=" ">
    <subfield code="c">5890</subfield>
    <subfield code="d">5890</subfield>
  </datafield>
</record>
